ბათუმის შოთა რუსთაველის სახელმწიფო უნივერსიტეტის ბიბლიოთეკა

მშენებლობის ორგანიზაცია, მექანიზაცია, ავტომატიზაცია, დაგეგმვა და მენეჯმენტი I წიგნი, პირველი ნაწილი : (ბიბ.ჩანაწერი № 39430)

000 -ლიდერი
ფიქსირებული სიგრძის საკონტროლო ველი 01807nam a2200313Ia 4500
001 - საკონტროლო ნომერი
საკონტროლო ველი 6021
003 - საკონტროლო ნომრის იდენტიფიკატორი
საკონტროლო ველი GE_BSU
005 - ბოლო ოპერაციის თარიღი და დრო
საკონტროლო ველი 20190729133435.0
008 - ფიქსირებული სიგრძის მონაცემთა ელემენტები - ზოგადი ინფორმაცია
ფიქსირებული სიგრძის საკონტროლო ველი 181216s2008||||geo|||||||||||||| ||geo||
020 ## - წიგნის საერთაშორისო სტანდარტული ნომერი
International Standard Book Number 9789941903304
040 ## - კატალოგიზაციის წყარო
Transcribing agency GE_BSU
041 ## - ენის კოდი
Language code of text/sound track or separate title geo
080 ## - უნივერსალური ათობითი კლასიფიკაციის ინდექსი
Universal Decimal Classification number 69:658 + 69:658.51 + 693.002.5-52 ბ-73
100 ## - მთავარი ჩანაწერი - პიროვნების სახელი
Personal name ბიჭიაშვილი, ჯონი
9 (RLIN) 3343
245 ## - ცნობა სათაურის შესახებ
Title მშენებლობის ორგანიზაცია, მექანიზაცია, ავტომატიზაცია, დაგეგმვა და მენეჯმენტი I წიგნი, პირველი ნაწილი :
Remainder of title სახელმძღვ. /
Statement of responsibility, etc ჯონი ბიჭიაშვილი, გიორგი სიჭინავა, გენო ნიჟარაძე ; რედ. ჯონი ბიჭიაშვილი
264 ## - წარმოების, გამოცემის, დისტრიბუციის და სხვა ცნობები
გამოცემის, წარმოების, დისტრიბუციის... ადგილი თბილისი :
გამოცემის, წარმოების, დისტრიბუციის... სახელწოდება ლეგა ;
გამოცემის, წარმოების, დისტრიბუციის... თარიღი 2008.
300 ## - ფიზიკური აღწერა
Extent 376 გვ. :
Other physical details ნახაზები ;
Dimensions 22 სმ.
504 ## - BIBLIOGRAPHY, ETC. NOTE
Bibliography, etc ბიბლიოგრ. : გვ. 363-370.
653 ## - INDEX TERM--UNCONTROLLED
Uncontrolled term მშენებლობის ორგანიზაცია
653 ## - INDEX TERM--UNCONTROLLED
Uncontrolled term მშენებლობის მექანიზაცია
653 ## - INDEX TERM--UNCONTROLLED
Uncontrolled term მშენებლობის ავტომატიზაცია
653 ## - INDEX TERM--UNCONTROLLED
Uncontrolled term მშენებლობის დაგეგმვა
653 ## - INDEX TERM--UNCONTROLLED
Uncontrolled term მშენებლობის მენეჯმენტი.
700 ## - ADDED ENTRY--PERSONAL NAME
Personal name სიჭინავა, გიორგი
Relator term ავტორი
9 (RLIN) 3344
700 ## - ADDED ENTRY--PERSONAL NAME
Personal name ნიჟარაძე, გენო
Relator term ავტორი
9 (RLIN) 3345
700 ## - ADDED ENTRY--PERSONAL NAME
Personal name ბიჭიაშვილი, ჯონი
Dates associated with a name რედაქტორი
9 (RLIN) 3346
942 ## - ADDED ENTRY ELEMENTS (KOHA)
Koha item type წიგნი
Source of classification or shelving scheme
ეგზემპლარები
ჩამოწერის სტატუსი დაკარგული ეგზემპლარის სტატუსი კლასიფიკაციის წყარო ან თაროზე გაწყობის სქემა დაზიანების სტატუსი არ გაიცემა მუდმივი მდებარეობა (დაცვის ადგილი) ამჟამინდელი ადგილსამყოფელი თაროზე განთავსების ადგილი შეძენის თარიღი ღირებულება, შესყიდვის ნორმალური ფასი სრული შენახვის შიფრი შტრიხკოდი ბოლო ოპერაციის თარიღი ეგზემპლარის მიმდევრობითი ნომერი (კეტერი?) ფასის ძალაში შესვლის თარიღი ეგზემპლარის სახეობა საჯარო შენიშვნა
          ბათუმის შოთა რუსთაველის სახელმწიფო უნივერსიტეტის მთავარი ბიბლიოთეკა ბათუმის შოთა რუსთაველის სახელმწიფო უნივერსიტეტის მთავარი ბიბლიოთეკა წიგნსაცავი 2018-12-17 38.00 69:658 + 69:658.51 + 693.002.5-52 ბ-73 12867 2018-12-17 12867 2018-12-17 წიგნი 38 ლ.
          ბათუმის შოთა რუსთაველის სახელმწიფო უნივერსიტეტის მთავარი ბიბლიოთეკა ბათუმის შოთა რუსთაველის სახელმწიფო უნივერსიტეტის მთავარი ბიბლიოთეკა წიგნსაცავი 2018-12-17 38.00 69:658 + 69:658.51 + 693.002.5-52 ბ-73 12868 2018-12-17 12868 2018-12-17 წიგნი 38 ლ.
          ბათუმის შოთა რუსთაველის სახელმწიფო უნივერსიტეტის მთავარი ბიბლიოთეკა ბათუმის შოთა რუსთაველის სახელმწიფო უნივერსიტეტის მთავარი ბიბლიოთეკა წიგნსაცავი 2018-12-17 38.00 69:658 + 69:658.51 + 693.002.5-52 ბ-73 12869 2018-12-17 12869 2018-12-17 წიგნი 38 ლ.
          ბათუმის შოთა რუსთაველის სახელმწიფო უნივერსიტეტის მთავარი ბიბლიოთეკა ბათუმის შოთა რუსთაველის სახელმწიფო უნივერსიტეტის მთავარი ბიბლიოთეკა წიგნსაცავი 2018-12-17 38.00 69:658 + 69:658.51 + 693.002.5-52 ბ-73 12870 2018-12-17 12870 2018-12-17 წიგნი 38 ლ.
          ბათუმის შოთა რუსთაველის სახელმწიფო უნივერსიტეტის მთავარი ბიბლიოთეკა ბათუმის შოთა რუსთაველის სახელმწიფო უნივერსიტეტის მთავარი ბიბლიოთეკა წიგნსაცავი 2018-12-17 38.00 69:658 + 69:658.51 + 693.002.5-52 ბ-73 12871 2018-12-17 12871 2018-12-17 წიგნი 38 ლ.